| 000 | 00632nam a22001937a 4500 | ||
|---|---|---|---|
| 005 | 20260515115020.0 | ||
| 008 | 240514b |||||||| |||| 00| 0 eng d | ||
| 040 |
_aIN-DiNC _cIN-DiNC |
||
| 041 | _dasm | ||
| 082 |
_a322.44954162 _bASA |
||
| 245 |
_aAsam andolanar tathyakosh: _bshirkshabindu- juye pura tirashi (1982-1983)/ _ced. by Diganta Oza |
||
| 250 |
_a1st ed. _bV.4 |
||
| 260 |
_aGuwahati: _bImplementation of Assam Accord Department, Government of Assam, _c2022. |
||
| 300 | _a1152p. | ||
| 650 | _aData book on Assam agitation | ||
| 650 | _aAssam Agitation 1982-1983 | ||
| 700 |
_aOza, Diganta _eEditor |
||
| 942 |
_2ddc _cBK |
||
| 999 |
_c11787 _d11787 |
||